Geography starting with B - COPY - Statistics

General Stats
  • This quiz has been taken 35 times
  • The average score is 8 of 10
Answer Stats
Letters Clue Answer % Correct
8 Capital of Hungary Budapest
97%
10 Country that borders India and Myanmar Bangladesh
94%
4 Indonesias most visited island Bali
91%
11 Capital of Argentina Buenos Aires
91%
5 West African country Benin
82%
9 Largest city in Maryland Baltimore
79%
6 Small country on island of Borneo Brunei
79%
7 British Overseas Territory in Atlantic Ocean Bermuda
61%
12 One of South Africas capitals Bloemfontein
61%
13 Gallery of historical and cultural artefacts located in London British Museum
39%
No matching quizzes found
Score Distribution
Percent of People with Each Score
Percentile by Number Answered
Your Score History
You have not taken this quiz